000 00456nam a2200193Ia 4500
008 170705s9999 xx 000 0 und d
020 _a27506905029
245 _aSnow white and the seven dwarf /
245 _cWalt Disney.
260 _aNew York :
260 _bAdvance Publisher,
260 _c2005
300 _aunpaged :
300 _bcolor illustration ;
300 _c15cm.
440 _aDisney princess ;
440 _v2
500 _a590
999 _c335992
_d335992